000 00999nam2a22002411 4500
001 rc\4047272
005 20250610232509.0
035 _a(NLR Aleph) 007958102
090 _a8382114
_c8382114
100 _a20130415d1954 |||y0rusy50 ca
101 0 _arus
102 _aRU
105 _aa z |||||
200 1 _aПересечение цилиндра вращения плоскостью общего положения
_eРазвертка
_fСост. канд. техн. наук П.Б. Цвияк
210 _d1954
_aБ. м.
215 _a8 с., включ. обл., 1 л. черт.
_cчерт.
461 0 _1001rc\4047270
_12001#$aЭпюр$e№ 1-4$v№ 2
_98382104
_aЛьвовский политехнический институт им. Ленинского комсомола
_cЛьвов
_d1954
_nБ. и.
_o№ 1-4
_tЭпюр
_v№ 2
702 1 _aЦвияк
_bП.Б.
_4220
801 0 _aRU
_bNLR
_gpsbo
801 1 _aRU
_bELAR
_2rusmarc
852 _aNLR
_jМт02 Г-8/162
942 _cBOOK
980 _aNB